[Event "XVI Festival A"]
[Site "Robecchetto con Induno ITA"]
[Date "2005.12.27"]
[Round "2"]
[White "Andreoli, Mark"]
[Black "Cervini, Gian Piero"]
[Result "1-0"]
[WhiteElo "2052"]
[BlackElo "2028"]
[PlyCount "41"]
[EventDate "2005.12.27"]

1. e4 d6 2. d4 Nf6 3. Nc3 g6 4. Bc4 Bg7 5. Qe2 c6 6. Bb3 e5 7. Nf3 exd4 8. Nxd4
O-O 9. O-O Nbd7 10. Bg5 Nc5 11. Rfe1 h6 12. Bh4 g5 13. Bg3 Nfxe4 14. Nxe4 Bxd4
15. Bxd6 Nxe4 16. Qxe4 Qxd6 17. Rad1 Bxf2+ 18. Kxf2 Qf6+ 19. Kg1 Bf5 20. Qb4
Qxb2 21. Bxf7+ 1-0

[Event "XVI Festival A"]
[Site "Robecchetto con Induno ITA"]
[Date "2005.12.27"]
[Round "2"]
[White "Caselli, Luigi"]
[Black "Astengo, Marcello"]
[Result "1-0"]
[WhiteElo "2286"]
[BlackElo "2077"]
[PlyCount "61"]
[EventDate "2005.12.27"]

1. d4 d5 2. c4 e6 3. cxd5 exd5 4. Nc3 c6 5. Bf4 Qb6 6. Qd2 Nf6 7. e3 Bf5 8.
Nge2 Nbd7 9. Ng3 Bg6 10. Bd3 Bxd3 11. Qxd3 g6 12. e4 Bg7 13. Bd6 dxe4 14. Ngxe4
O-O-O 15. O-O-O Nxe4 16. Nxe4 Rhe8 17. Bf4 Ne5 18. Qh3+ Ng4 19. Nd6+ Rxd6 20.
Bxd6 f5 21. Qxh7 Bh6+ 22. Kb1 Re2 23. Ba3 Bd2 24. Qxg6 Qxd4 25. Qxf5+ Kc7 26.
Bc5 Qc4 27. Rc1 Bxc1 28. Rxc1 Qb5 29. Qf4+ Ne5 30. Bd4 Qd3+ 31. Ka1 1-0

[Event "XVI Festival A"]
[Site "Robecchetto con Induno ITA"]
[Date "2005.12.27"]
[Round "2"]
[White "Corti, Corrado"]
[Black "Agrifoglio, Fabio"]
[Result "1/2-1/2"]
[WhiteElo "2067"]
[BlackElo "2031"]
[PlyCount "83"]
[EventDate "2005.12.27"]

1. d4 Nf6 2. g3 d5 3. Bg2 Bf5 4. Nf3 e6 5. O-O Bd6 6. Nbd2 Nc6 7. c3 h6 8. b3
O-O 9. Bb2 e5 10. dxe5 Nxe5 11. Nxe5 Bxe5 12. Rc1 c6 13. Nf3 Bd6 14. Nd4 Be4
15. Bxe4 Nxe4 16. Qc2 Qd7 17. f3 Ng5 18. Qf5 Qe7 19. Rce1 g6 20. Qg4 Qe3+ 21.
Kg2 f5 22. Qh4 Nf7 23. Qf6 Qg5 24. Qxg5 Nxg5 25. h4 Nh7 26. Bc1 h5 27. Bf4 Bxf4
28. gxf4 Rae8 29. e3 Kf7 30. Kf2 Nf6 31. Rd1 Re7 32. Nc2 Rfe8 33. Rd2 Nd7 34.
Rfd1 Nb6 35. a4 a5 36. Re1 c5 37. Na3 Rd7 38. Red1 Red8 39. Rd3 Ke6 40. Rg1 Kf6
41. Rgd1 Ke6 42. Rg1 1/2-1/2

[Event "XVI Festival A"]
[Site "Robecchetto con Induno ITA"]
[Date "2005.12.27"]
[Round "2"]
[White "Dragojlovic, Andjelko"]
[Black "Brigati, Alessandro"]
[Result "1/2-1/2"]
[WhiteElo "2309"]
[BlackElo "2006"]
[PlyCount "100"]
[EventDate "2005.12.27"]

1. e4 d6 2. d4 Nf6 3. Nc3 g6 4. Bc4 Bg7 5. Bb3 c6 6. Nf3 O-O 7. h3 b5 8. a3 Bb7
9. O-O a6 10. Bg5 h6 11. Be3 Nbd7 12. Qd2 Kh7 13. Rad1 Qc7 14. Rfe1 c5 15. e5
cxd4 16. Bxd4 Nxe5 17. Nxe5 dxe5 18. Bxe5 Qc6 19. f3 Rad8 20. Qe3 e6 21. Rd4
Qb6 22. Red1 Rxd4 23. Qxd4 Qxd4+ 24. Rxd4 Kg8 25. f4 Bc6 26. Rd6 Rc8 27. Rxe6
Nd7 28. Re7 Nxe5 29. fxe5 Be8 30. e6 f5 31. Rd7 Bf6 32. Kf1 Rxc3 33. bxc3 Bxd7
34. exd7+ Kf8 35. c4 Ke7 36. cxb5 axb5 37. a4 b4 38. a5 Kxd7 39. a6 Kc6 40. Ke2
Kb6 41. Bc4 Bc3 42. Ke3 g5 43. Bd3 Be1 44. Bxf5 Kxa6 45. g4 Kb5 46. Kd4 Kc6 47.
Ke5 Bg3+ 48. Kf6 Kd6 49. Kg6 Bh4 50. Kxh6 Ke5 1/2-1/2

[Event "XVI Festival A"]
[Site "Robecchetto con Induno ITA"]
[Date "2005.12.27"]
[Round "2"]
[White "Paleologu, Vladimir"]
[Black "Ljubisavljevic, Zivojin Z."]
[Result "0-1"]
[WhiteElo "2158"]
[BlackElo "2286"]
[PlyCount "80"]
[EventDate "2005.12.27"]

1. e4 c6 2. Nc3 d5 3. d3 Nf6 4. e5 d4 5. exf6 dxc3 6. fxe7 Qxe7+ 7. Qe2 Be6 8.
bxc3 Qc5 9. Qd2 g6 10. Nf3 Bh6 11. Qd1 Qxc3+ 12. Bd2 Bxd2+ 13. Nxd2 Na6 14. a3
Bd5 15. Be2 Bxg2 16. Rg1 Bd5 17. Kf1 O-O-O 18. Rg3 Rhe8 19. Rb1 Nc5 20. Bf3 f5
21. Bxd5 Rxd5 22. Nc4 Rd7 23. Rb4 Qf6 24. Re3 Rxe3 25. Nxe3 Qd6 26. Kg1 f4 27.
Nc4 Qf6 28. Nd2 Qg5+ 29. Kf1 Qf5 30. Qe2 Ne6 31. Nf3 g5 32. Re4 Nd8 33. Re8
Qh3+ 34. Ke1 Qh5 35. c3 g4 36. Nd4 Qa5 37. Qd2 Qxa3 38. Nf5 Qa1+ 39. Ke2 f3+
40. Ke3 Kc7 0-1

[Event "XVI Festival A"]
[Site "Robecchetto con Induno ITA"]
[Date "2005.12.27"]
[Round "2"]
[White "Tramalloni, Luca"]
[Black "Trumpf, Walter"]
[Result "1/2-1/2"]
[WhiteElo "2136"]
[BlackElo "2058"]
[PlyCount "106"]
[EventDate "2005.12.27"]

1. d4 Nf6 2. c4 g6 3. Nc3 d5 4. Nf3 Bg7 5. Bg5 c6 6. e3 O-O 7. Bd3 dxc4 8. Bxc4
Bg4 9. h3 Bxf3 10. Qxf3 Nbd7 11. O-O e5 12. Rad1 exd4 13. exd4 Qa5 14. Bh4 Qh5
15. Qxh5 Nxh5 16. d5 Nb6 17. Bb3 Bxc3 18. bxc3 Nxd5 19. Bxd5 cxd5 20. Rxd5 Rac8
21. Rd7 Rxc3 22. Rxb7 a5 23. Ra7 Rc4 24. Be7 Re8 25. Rd1 Rc2 26. a3 Ng7 27. Rd8
Re2 28. Rxe8+ Nxe8 29. Bc5 Nf6 30. Rxa5 Ne4 31. Bd4 f6 32. Kf1 Rd2 33. Be3 Ra2
34. Ra7 Nc3 35. g3 h5 36. Ra6 Kf7 37. Bd4 Ne4 38. Kg2 g5 39. Kf3 Nd2+ 40. Ke3
Nc4+ 41. Ke4 Rxa3 42. Rxf6+ Ke7 43. Kd5 Nd2 44. Rf5 Rd3 45. Re5+ Kf7 46. Re3
Rxe3 47. Bxe3 Nf3 48. Ke4 g4 49. Kf4 Nh2 50. hxg4 hxg4 51. Kg5 Ke7 52. Kf4 Kf6
53. Bd4+ Kg6 1/2-1/2

[Event "XVI Festival A"]
[Site "Robecchetto con Induno ITA"]
[Date "2005.12.28"]
[Round "3"]
[White "Agrifoglio, Fabio"]
[Black "Tramalloni, Luca"]
[Result "1/2-1/2"]
[WhiteElo "2031"]
[BlackElo "2136"]
[PlyCount "36"]
[EventDate "2005.12.27"]

1. d4 Nf6 2. c4 e6 3. Nc3 Bb4 4. Qc2 c5 5. e3 b6 6. dxc5 Bxc5 7. Be2 Nc6 8. Bf3
Bb7 9. a3 Rc8 10. Nge2 O-O 11. Nf4 d5 12. cxd5 Ne5 13. Be2 Nxd5 14. Nfxd5 exd5
15. Qf5 Qe7 16. O-O d4 17. exd4 Bxd4 18. Nb5 Bc5 1/2-1/2

[Event "XVI Festival A"]
[Site "Robecchetto con Induno ITA"]
[Date "2005.12.28"]
[Round "3"]
[White "Astengo, Marcello"]
[Black "Andreoli, Mark"]
[Result "0-1"]
[WhiteElo "2077"]
[BlackElo "2052"]
[PlyCount "156"]
[EventDate "2005.12.27"]

1. d4 c5 2. d5 f5 3. g3 Nf6 4. Bg2 g6 5. Nh3 d6 6. Nf4 Bg7 7. O-O O-O 8. c4 Na6
9. Nc3 Nc7 10. Qc2 Rb8 11. a4 a6 12. a5 b5 13. axb6 Rxb6 14. Ra2 Bd7 15. Bd2
Qb8 16. Rb1 Re8 17. b3 e5 18. dxe6 Nxe6 19. Nxe6 Rxe6 20. Nd5 Rxe2 21. Nxb6
Qxb6 22. Qd3 Re8 23. Ba5 Qb8 24. Re2 Rxe2 25. Qxe2 Ne4 26. Be1 Bc6 27. Qd3 Bd4
28. Kf1 Qa8 29. Kg1 Ng5 30. Bd5+ Bxd5 31. cxd5 Nf7 32. Qf3 Ne5 33. Qg2 g5 34.
h3 g4 35. hxg4 fxg4 36. Qe4 Qe8 37. Qf5 Nf3+ 38. Kf1 Qb5+ 39. Kg2 Ne5 40. Bd2
Qe2 41. Bh6 Qf3+ 42. Qxf3 gxf3+ 43. Kf1 Ng4 44. Be3 Nxe3+ 45. fxe3 Bxe3 46. Re1
Bd4 47. Re6 Be5 48. Kf2 Kf7 49. Kxf3 a5 50. g4 c4 51. bxc4 a4 52. c5 a3 53.
cxd6 a2 54. Re7+ Kf8 55. Rxe5 a1=Q 56. Rf5+ Ke8 57. Kf4 Qd4+ 58. Kg5 Qg7+ 59.
Kf4 Kd7 60. Rh5 Kxd6 61. Kg3 Qg6 62. Kf4 Kc5 63. Rf5 Kd4 64. Kf3 Qe8 65. Kg3
Qe1+ 66. Kh3 Qh1+ 67. Kg3 Ke4 68. Rh5 Qe1+ 69. Kh3 Qc3+ 70. Kh4 Qf6+ 71. Kg3 h6
72. Rf5 Qc3+ 73. Kh4 Qe1+ 74. Kh3 Qe2 75. Kg3 Qd1 76. Kh3 Qd3+ 77. Kg2 Qe3 78.
Kh2 h5 0-1

[Event "XVI Festival A"]
[Site "Robecchetto con Induno ITA"]
[Date "2005.12.28"]
[Round "3"]
[White "Brigati, Alessandro"]
[Black "Damia, Angelo"]
[Result "1/2-1/2"]
[WhiteElo "2006"]
[BlackElo "2137"]
[PlyCount "44"]
[EventDate "2005.12.27"]

1. d4 d6 2. c4 e5 3. dxe5 dxe5 4. Qxd8+ Kxd8 5. Nc3 c6 6. b3 f6 7. Bb2 Be6 8.
O-O-O+ Kc7 9. Nf3 Nh6 10. h3 Nd7 11. e3 Nb6 12. Be2 a5 13. g4 Nf7 14. Nh4 g5
15. Ng2 Be7 16. f4 Rad8 17. Ne4 Rxd1+ 18. Kxd1 Rd8+ 19. Kc1 exf4 20. exf4 f5
21. Nf6 h6 22. Rf1 gxf4 1/2-1/2

[Event "XVI Festival A"]
[Site "Robecchetto con Induno ITA"]
[Date "2005.12.28"]
[Round "3"]
[White "Cervini, Gian Piero"]
[Black "Corti, Corrado"]
[Result "0-1"]
[WhiteElo "2028"]
[BlackElo "2067"]
[PlyCount "100"]
[EventDate "2005.12.27"]

1. e4 c6 2. d4 d5 3. e5 Bf5 4. Nc3 e6 5. g4 Bg6 6. h4 h5 7. g5 Bf5 8. Bd3 Ne7
9. Nce2 g6 10. Ng3 Bxd3 11. Qxd3 Bg7 12. N1e2 Nd7 13. O-O O-O 14. f4 Qb6 15. a3
c5 16. c3 Rac8 17. b4 cxd4 18. cxd4 Rc4 19. Be3 a6 20. Kg2 Rfc8 21. Rfc1 Rxc1
22. Rxc1 Rxc1 23. Nxc1 Qc6 24. Nb3 Nb6 25. Nd2 Nc4 26. Kh3 Nxd2 27. Bxd2 b5 28.
Qc3 Qc4 29. Kg2 Nc6 30. Qxc4 bxc4 31. Bc3 Bf8 32. Kf3 Be7 33. Ne2 Kf8 34. Ke3
Ke8 35. Nc1 Kd7 36. Na2 Kc7 37. Kd2 Bd8 38. Ke3 Ne7 39. Be1 Nf5+ 40. Kd2 Nxd4
41. Kc3 Ne2+ 42. Kd2 Nxf4 43. Nc1 Kc6 44. Bf2 Bc7 45. Bg3 Bxe5 46. Ne2 Nd3 47.
Bxe5 Nxe5 48. Ke3 Kd6 49. Nc3 Nc6 50. b5 d4+ 0-1

[Event "XVI Festival A"]
[Site "Robecchetto con Induno ITA"]
[Date "2005.12.28"]
[Round "3"]
[White "Ljubisavljevic, Zivojin Z."]
[Black "Caselli, Luigi"]
[Result "1/2-1/2"]
[WhiteElo "2286"]
[BlackElo "2286"]
[PlyCount "46"]
[EventDate "2005.12.27"]

1. d4 c5 2. d5 e5 3. e4 d6 4. Nc3 a6 5. a4 Be7 6. f4 exf4 7. Bxf4 Bg5 8. Bxg5
Qxg5 9. Nf3 Qe7 10. Qd2 Nd7 11. Qf4 Ngf6 12. Bd3 O-O 13. O-O Re8 14. Nh4 Ne5
15. Nf5 Bxf5 16. Qxf5 Neg4 17. Nd1 Rad8 18. Qf4 Qe5 19. h3 Qxf4 20. Rxf4 Ne5
21. Nf2 Nh5 22. Rh4 Nf6 23. Rf4 Nh5 1/2-1/2

[Event "XVI Festival A"]
[Site "Robecchetto con Induno ITA"]
[Date "2005.12.28"]
[Round "3"]
[White "Pace, Pietro Dario"]
[Black "Paleologu, Vladimir"]
[Result "1-0"]
[WhiteElo "2233"]
[BlackElo "2158"]
[PlyCount "73"]
[EventDate "2005.12.27"]

1. e4 g6 2. d4 Bg7 3. Nc3 c5 4. d5 d6 5. Nf3 Nf6 6. h3 O-O 7. Be2 b5 8. Nxb5
Nxe4 9. O-O Na6 10. c3 Bb7 11. Re1 Nc7 12. Nxc7 Qxc7 13. Bc4 Nf6 14. Bf4 Rab8
15. Qd2 Rfe8 16. Bh6 Bh8 17. Rad1 Bc8 18. Ng5 Bd7 19. Re3 Bb5 20. Bb3 c4 21.
Bc2 Ba6 22. Ba4 Bb5 23. Bc2 Rb7 24. Qe2 Qc5 25. Rf3 Bd7 26. Bb1 Ba4 27. Rd2 Bd7
28. Rf4 Rc7 29. Qf3 Rb8 30. Rh4 Be8 31. Rf4 Rcb7 32. Rxf6 Rxb2 33. Rxf7 Rxb1+
34. Kh2 Be5+ 35. g3 Bxg3+ 36. Kxg3 Rg1+ 37. Kh4 1-0

[Event "XVI Festival A"]
[Site "Robecchetto con Induno ITA"]
[Date "2005.12.28"]
[Round "3"]
[White "Trumpf, Walter"]
[Black "Dragojlovic, Andjelko"]
[Result "1-0"]
[WhiteElo "2058"]
[BlackElo "2309"]
[PlyCount "61"]
[EventDate "2005.12.27"]

1. d4 g6 2. Nc3 Bg7 3. e4 c5 4. d5 e6 5. f4 Nf6 6. Be2 O-O 7. g4 e5 8. f5 b5 9.
g5 b4 10. gxf6 Qxf6 11. Nf3 h6 12. Nb1 gxf5 13. Nbd2 Na6 14. exf5 Qxf5 15. Bd3
Qh3 16. Qe2 Nc7 17. Rg1 f5 18. Rg3 Qh5 19. Qg2 Qf7 20. Nc4 e4 21. Bxh6 Ne8 22.
O-O-O exf3 23. Qxf3 Qf6 24. Bxg7 Nxg7 25. Rdg1 Rf7 26. Rg6 Qh4 27. Nd6 Re7 28.
Qg3 Qxg3 29. R6xg3 f4 30. Rf3 Bb7 31. Nf5 1-0

[Event "XVI Festival A"]
[Site "Robecchetto con Induno ITA"]
[Date "2005.12.28"]
[Round "4"]
[White "Andreoli, Mark"]
[Black "Damia, Angelo"]
[Result "0-1"]
[WhiteElo "2052"]
[BlackElo "2137"]
[PlyCount "82"]
[EventDate "2005.12.27"]

1. e4 d6 2. d4 Nf6 3. Nc3 e5 4. Nf3 Nbd7 5. Bg5 Be7 6. Qd2 h6 7. Be3 Ng4 8.
O-O-O Nxe3 9. fxe3 c6 10. Bc4 O-O 11. dxe5 dxe5 12. Qf2 Qc7 13. g4 b5 14. Bxb5
cxb5 15. Nd5 Qd6 16. g5 Bxg5 17. h4 Bd8 18. Rhg1 Nf6 19. Qg2 Ng4 20. Nh2 h5 21.
Nf4 Qh6 22. Nxh5 Qxh5 23. Nxg4 Bxg4 24. Qxg4 Qxg4 25. Rxg4 Bb6 26. Rg3 f6 27.
h5 Rad8 28. Rdg1 Rf7 29. h6 g5 30. Rh1 Kh7 31. b3 b4 32. Rf3 Rd6 33. Rhf1 Kg6
34. Rh3 Rh7 35. Rfh1 Rc6 36. c4 bxc3 37. Kc2 Bc5 38. Kxc3 Bxe3+ 39. Kd3 Bf4 40.
Ke2 Rc2+ 41. Kd3 Rhc7 0-1

[Event "XVI Festival A"]
[Site "Robecchetto con Induno ITA"]
[Date "2005.12.28"]
[Round "4"]
[White "Caselli, Luigi"]
[Black "Brigati, Alessandro"]
[Result "1/2-1/2"]
[WhiteElo "2286"]
[BlackElo "2006"]
[PlyCount "37"]
[EventDate "2005.12.27"]

1. d4 Nf6 2. Bg5 d6 3. Bxf6 gxf6 4. e3 e5 5. c3 Nc6 6. g3 f5 7. Ne2 h5 8. dxe5
dxe5 9. Qxd8+ Kxd8 10. Bg2 Bd6 11. Nd2 Be6 12. Bxc6 bxc6 13. O-O-O Ke7 14. h4
Rab8 15. Kc2 Rb6 16. b3 Rhb8 17. Rb1 a5 18. a4 f6 19. Rhe1 1/2-1/2

[Event "XVI Festival A"]
[Site "Robecchetto con Induno ITA"]
[Date "2005.12.28"]
[Round "4"]
[White "Corti, Corrado"]
[Black "Tramalloni, Luca"]
[Result "1-0"]
[WhiteElo "2067"]
[BlackElo "2136"]
[PlyCount "63"]
[EventDate "2005.12.27"]

1. d4 Nf6 2. g3 c5 3. d5 e6 4. c4 exd5 5. cxd5 d6 6. Nc3 g6 7. Bg2 Bg7 8. e4
O-O 9. Nge2 a6 10. a4 Nbd7 11. O-O Rb8 12. a5 b5 13. axb6 Rxb6 14. Na4 Rb8 15.
Bd2 Re8 16. f3 Ne5 17. Bc3 Bd7 18. Nc1 Bb5 19. Re1 g5 20. f4 gxf4 21. gxf4 Ng6
22. e5 Nd7 23. e6 Nxf4 24. Qg4 Ng6 25. exd7 Bxd7 26. Qg3 Bxc3 27. Nxc3 Rxe1+
28. Qxe1 Rxb2 29. Ra2 Rb4 30. Re2 Nh4 31. Re4 Bf5 32. Re8+ 1-0

[Event "XVI Festival A"]
[Site "Robecchetto con Induno ITA"]
[Date "2005.12.28"]
[Round "4"]
[White "Dragojlovic, Andjelko"]
[Black "Agrifoglio, Fabio"]
[Result "1-0"]
[WhiteElo "2309"]
[BlackElo "2031"]
[PlyCount "83"]
[EventDate "2005.12.27"]

1. e4 e6 2. d4 d5 3. Nc3 dxe4 4. Nxe4 Bd7 5. Bd3 Bc6 6. Nf3 Nd7 7. O-O Ngf6 8.
Neg5 Be7 9. Ne5 Nxe5 10. dxe5 Qd5 11. Nf3 Ng4 12. Qe2 O-O-O 13. h3 h5 14. Bc4
Qc5 15. hxg4 hxg4 16. Ng5 g3 17. Nxf7 Rh2 18. Bxe6+ Kb8 19. Bh3 Bb5 20. Qe3 Qc4
21. Re1 Rxh3 22. gxh3 gxf2+ 23. Qxf2 Bh4 24. Qf4 Rd4 25. Nd6 cxd6 26. Qf8+ Kc7
27. exd6+ Kc6 28. Qc8+ Kxd6 29. Qxc4 Rxc4 30. Rd1+ Kc7 31. Be3 Re4 32. Bf2 Bf6
33. c3 Be2 34. Rd2 Bg5 35. Rd4 Re6 36. Re1 Bh6 37. Bg3+ Kc6 38. Bf4 g5 39. Bg3
g4 40. Rxe2 Be3+ 41. Kg2 gxh3+ 42. Kxh3 1-0

[Event "XVI Festival A"]
[Site "Robecchetto con Induno ITA"]
[Date "2005.12.28"]
[Round "4"]
[White "Pace, Pietro Dario"]
[Black "Ljubisavljevic, Zivojin Z."]
[Result "0-1"]
[WhiteElo "2233"]
[BlackElo "2286"]
[PlyCount "86"]
[EventDate "2005.12.27"]

1. e4 e6 2. d4 d5 3. Nc3 Bb4 4. e5 c5 5. a3 Bxc3+ 6. bxc3 Qc7 7. Nf3 Ne7 8. Bd3
b6 9. O-O Ba6 10. Bxa6 Nxa6 11. Qe2 Nb8 12. c4 cxd4 13. cxd5 Nxd5 14. Nxd4 Nc6
15. Nxc6 Qxc6 16. Qg4 h5 17. Qh4 Rc8 18. Qg5 Qxc2 19. Qxg7 Qh7 20. Qg3 Rg8 21.
Qb3 Qc2 22. Qf3 Rc3 23. Be3 Qg6 24. Rac1 Qg4 25. Rxc3 Qxf3 26. Rc8+ Kd7 27.
Rxg8 Qe4 28. Bg5 Kc6 29. Rc1+ Kb5 30. Rgc8 Qxe5 31. Rb1+ Ka6 32. Bd2 Qd4 33.
Bb4 Nf4 34. Rg8 Ne2+ 35. Kh1 Qxf2 36. a4 Qf5 37. Re1 Nd4 38. Bc3 Qf2 39. Rd8
Ne2 40. Bd2 h4 41. Bb4 h3 42. Rg8 Nf4 43. gxh3 Qf3+ 0-1

[Event "XVI Festival A"]
[Site "Robecchetto con Induno ITA"]
[Date "2005.12.28"]
[Round "4"]
[White "Paleologu, Vladimir"]
[Black "Astengo, Marcello"]
[Result "0-1"]
[WhiteElo "2158"]
[BlackElo "2077"]
[PlyCount "64"]
[EventDate "2005.12.27"]

1. e4 e6 2. d4 d5 3. Nd2 Nf6 4. e5 Ng8 5. c3 c5 6. Bd3 Nc6 7. Ngf3 Bd7 8. dxc5
Bxc5 9. O-O g5 10. Nb3 Be7 11. Qe2 h5 12. Nfd4 Qb8 13. f4 g4 14. Bd2 Nh6 15.
Rae1 a6 16. f5 Nxd4 17. Nxd4 Qa7 18. Be3 Bc5 19. fxe6 Bxe6 20. Qd2 Ng8 21. Nxe6
Bxe3+ 22. Rxe3 fxe6 23. Bg6+ Kd7 24. c4 Ne7 25. Rf7 Rad8 26. Qf2 Rhf8 27. cxd5
Rxf7 28. dxe6+ Kc7 29. Rc3+ Nc6 30. Rxc6+ Kxc6 31. Be4+ Kc7 32. Bf3 Rd1+ 0-1

[Event "XVI Festival A"]
[Site "Robecchetto con Induno ITA"]
[Date "2005.12.29"]
[Round "5"]
[White "Andreoli, Mark"]
[Black "Dragojlovic, Andjelko"]
[Result "0-1"]
[WhiteElo "2052"]
[BlackElo "2309"]
[PlyCount "94"]
[EventDate "2005.12.27"]

1. e4 c5 2. d4 cxd4 3. c3 g6 4. Nf3 Bg7 5. Bc4 d3 6. Qxd3 Nc6 7. Bb3 d6 8. Na3
Nf6 9. Bg5 O-O 10. O-O a6 11. Nc4 b5 12. Ne3 Bb7 13. Rad1 b4 14. Nd5 bxc3 15.
Bxf6 exf6 16. Nxc3 Ne5 17. Qxd6 Nxf3+ 18. gxf3 Qa5 19. Nd5 f5 20. Nf6+ Kh8 21.
Nd7 fxe4 22. Nxf8 Bxf8 23. Qf4 f5 24. Bd5 Bxd5 25. Qe5+ Bg7 26. Qxd5 Qxd5 27.
Rxd5 exf3 28. Rfd1 Bf6 29. Rd6 Kg7 30. b3 g5 31. h3 g4 32. hxg4 fxg4 33. R1d5
Re8 34. Kf1 Rc8 35. Rd1 h5 36. Rxa6 Rc2 37. Rd7+ Kg6 38. Kg1 Rc1+ 39. Kh2 Rf1
40. Kg3 Kf5 41. Rf7 h4+ 42. Kh2 Rxf2+ 43. Kg1 Rg2+ 44. Kf1 Kf4 45. Raxf6+ Kg3
46. Rg6 Rxa2 47. Ke1 h3 0-1

[Event "XVI Festival A"]
[Site "Robecchetto con Induno ITA"]
[Date "2005.12.29"]
[Round "5"]
[White "Astengo, Marcello"]
[Black "Trumpf, Walter"]
[Result "0-1"]
[WhiteElo "2077"]
[BlackElo "2058"]
[PlyCount "90"]
[EventDate "2005.12.27"]

1. d4 g6 2. c4 Bg7 3. Nc3 d6 4. e4 Nd7 5. Be3 c5 6. Nf3 cxd4 7. Bxd4 Ngf6 8.
Be2 O-O 9. O-O b6 10. Qc2 Bb7 11. Rad1 Rc8 12. e5 Ne8 13. e6 fxe6 14. Ng5 Nc7
15. Nb5 e5 16. Bc3 Rf5 17. h4 Rxg5 18. hxg5 Ne6 19. Bf3 Bxf3 20. gxf3 Nxg5 21.
Kg2 Qf8 22. Qe2 Qf5 23. Rh1 Rf8 24. Rd3 Nc5 25. Re3 Nce6 26. Qd1 a6 27. Na3 Nd4
28. Bxd4 exd4 29. Rb3 Ne6 30. Nc2 Qc5 31. Na3 d3 32. Kf1 Nf4 33. Qd2 Qg5 34.
Rg1 Qf5 35. Rg4 Qh5 36. Kg1 Ne2+ 37. Kg2 Be5 38. Qxd3 Nf4+ 39. Rxf4 Rxf4 40.
Rxb6 Rd4 41. Qb3 Rd2 42. c5+ Kg7 43. f4 Bxf4 44. Qc3+ Kh6 45. Qxd2 Bxd2 0-1

[Event "XVI Festival A"]
[Site "Robecchetto con Induno ITA"]
[Date "2005.12.29"]
[Round "5"]
[White "Brigati, Alessandro"]
[Black "Pace, Pietro Dario"]
[Result "1-0"]
[WhiteElo "2006"]
[BlackElo "2233"]
[PlyCount "89"]
[EventDate "2005.12.27"]

1. d4 Nf6 2. c4 g6 3. Nc3 d5 4. cxd5 Nxd5 5. e4 Nxc3 6. bxc3 Bg7 7. Bc4 O-O 8.
Ne2 c5 9. O-O Nc6 10. Be3 Qc7 11. Rc1 Rd8 12. Qd2 e6 13. Qb2 Na5 14. Bd3 b6 15.
Rfd1 Bb7 16. f3 Rac8 17. g3 c4 18. Bb1 f5 19. Nf4 Qe7 20. Qf2 fxe4 21. Bxe4 e5
22. dxe5 Bxe4 23. fxe4 Bxe5 24. Bd4 Nc6 25. Bxe5 Nxe5 26. Rd4 Rf8 27. Qe2 g5
28. Nd5 Qe6 29. Rf1 Rxf1+ 30. Kxf1 b5 31. Rd1 Qh3+ 32. Kg1 Rf8 33. Ne7+ Kh8 34.
Nf5 g4 35. Rd6 Nf3+ 36. Kh1 Qh5 37. h4 Qe8 38. Rd5 Qe6 39. Qe3 a6 40. Qa7 Qg6
41. Rd6 Qg8 42. Rd7 Qg6 43. Rg7 Qh5 44. Qe7 Re8 45. Qf6 1-0

[Event "XVI Festival A"]
[Site "Robecchetto con Induno ITA"]
[Date "2005.12.29"]
[Round "5"]
[White "Cervini, Gian Piero"]
[Black "Agrifoglio, Fabio"]
[Result "0-1"]
[WhiteElo "2028"]
[BlackElo "2031"]
[PlyCount "56"]
[EventDate "2005.12.27"]

1. e4 e6 2. d4 d5 3. Nc3 Bb4 4. a3 Bxc3+ 5. bxc3 dxe4 6. Qg4 Nf6 7. Qxg7 Rg8 8.
Qh6 Rg6 9. Qh4 Rg4 10. Qh6 Rg6 11. Qh4 Qd5 12. Be2 Nbd7 13. Nh3 Rxg2 14. Nf4
Qa5 15. Bd2 Rg8 16. f3 Qf5 17. Rf1 e3 18. Bxe3 Qxc2 19. Kf2 b6 20. Rfc1 Qa4 21.
c4 Bb7 22. c5 bxc5 23. dxc5 e5 24. c6 Bxc6 25. Rc4 Qb3 26. Rxc6 exf4 27. Bxf4
Qb2 28. Re1 Qd4+ 0-1

[Event "XVI Festival A"]
[Site "Robecchetto con Induno ITA"]
[Date "2005.12.29"]
[Round "5"]
[White "Corti, Corrado"]
[Black "Caselli, Luigi"]
[Result "1/2-1/2"]
[WhiteElo "2067"]
[BlackElo "2286"]
[PlyCount "59"]
[EventDate "2005.12.27"]

1. d4 c5 2. d5 e5 3. e4 d6 4. Bd3 Be7 5. Ne2 Nf6 6. c4 O-O 7. O-O Ne8 8. f4
exf4 9. Nxf4 Nd7 10. Nd2 Ne5 11. Bc2 Bf6 12. Rb1 Bd7 13. b3 Qe7 14. Nd3 Bg4 15.
Qe1 Bh4 16. g3 Bf6 17. Nxe5 Bxe5 18. Nf3 Bxf3 19. Rxf3 Nc7 20. Qf1 Na6 21. Bd2
Nb8 22. Qh3 Nd7 23. Kh1 g6 24. Rbf1 Bg7 25. Bf4 a6 26. a4 b6 27. Bd3 Ra7 28.
R3f2 Ne5 29. Bxe5 Qxe5 30. Qg4 1/2-1/2

[Event "XVI Festival A"]
[Site "Robecchetto con Induno ITA"]
[Date "2005.12.30"]
[Round "6"]
[White "Agrifoglio, Fabio"]
[Black "Astengo, Marcello"]
[Result "0-1"]
[WhiteElo "2031"]
[BlackElo "2077"]
[PlyCount "118"]
[EventDate "2005.12.27"]

1. d4 d5 2. c4 e6 3. Nc3 c6 4. Nf3 dxc4 5. a4 Bb4 6. e3 b5 7. Ne5 Nf6 8. Qf3
Qd5 9. Be2 Qxf3 10. Bxf3 Nd5 11. Bd2 f6 12. Bxd5 exd5 13. Nf3 O-O 14. O-O Bxc3
15. Bxc3 Bf5 16. axb5 cxb5 17. Ra5 a6 18. Rfa1 Bd7 19. Ne1 Bc6 20. Nc2 Bb7 21.
Nb4 Re8 22. R5a2 Re6 23. Kf1 Nd7 24. Bd2 Kf7 25. g4 Kg6 26. f3 Kf7 27. Kf2 Ke7
28. h3 Kd8 29. Kg3 Kc7 30. h4 Kb6 31. Ra5 Nf8 32. h5 Rd6 33. Nc2 Ne6 34. Bb4
Rd7 35. Na3 Rc8 36. Nc2 Nd8 37. Bc5+ Rxc5 38. dxc5+ Kxc5 39. Nd4 Nc6 40. Nxc6
Kxc6 41. Rd1 Kc5 42. Rd4 Kb4 43. Ra3 a5 44. Kf2 Bc6 45. Ke2 Ra7 46. Kd2 Kc5 47.
Ra1 b4 48. h6 g5 49. f4 a4 50. Kc2 Ra6 51. Rdd1 gxf4 52. exf4 d4 53. Re1 d3+
54. Kd2 Kd4 55. Re6 c3+ 56. bxc3+ bxc3+ 57. Ke1 d2+ 58. Kf2 c2 59. Rxf6 c1=Q
0-1

[Event "XVI Festival A"]
[Site "Robecchetto con Induno ITA"]
[Date "2005.12.30"]
[Round "6"]
[White "Caselli, Luigi"]
[Black "Pace, Pietro Dario"]
[Result "1/2-1/2"]
[WhiteElo "2286"]
[BlackElo "2233"]
[PlyCount "59"]
[EventDate "2005.12.27"]

1. d4 Nf6 2. Bg5 Ne4 3. Bf4 d5 4. Nd2 Bf5 5. Nxe4 Bxe4 6. e3 e6 7. f3 Bg6 8.
Bd3 Bxd3 9. Qxd3 Nd7 10. Ne2 Be7 11. O-O O-O 12. e4 a6 13. a4 Nf6 14. e5 Nd7
15. Be3 c5 16. c3 c4 17. Qc2 b5 18. f4 g6 19. f5 exf5 20. Nf4 Nb6 21. a5 Nc8
22. b4 Qd7 23. Qf2 Na7 24. Qg3 Rfd8 25. Nh5 Qe6 26. Bg5 Bxg5 27. Qxg5 h6 28.
Nf6+ Kg7 29. Nh5+ Kh7 30. Nf6+ 1/2-1/2

[Event "XVI Festival A"]
[Site "Robecchetto con Induno ITA"]
[Date "2005.12.30"]
[Round "6"]
[White "Dragojlovic, Andjelko"]
[Black "Damia, Angelo"]
[Result "0-1"]
[WhiteElo "2309"]
[BlackElo "2137"]
[PlyCount "86"]
[EventDate "2005.12.27"]

1. e4 c5 2. Nf3 e6 3. b3 Nc6 4. Bb2 Nf6 5. e5 Nd5 6. g3 Be7 7. Bg2 O-O 8. O-O
f5 9. d4 cxd4 10. Nxd4 Nxe5 11. Nxe6 dxe6 12. Bxe5 Bf6 13. Bxf6 Qxf6 14. Nd2
Bd7 15. Nc4 Bc6 16. Qe1 Bb5 17. a4 Ba6 18. Qa5 Nc3 19. Rae1 Rac8 20. Re3 Bxc4
21. bxc4 Rxc4 22. Rfe1 Ne4 23. Qxa7 Rxc2 24. Rf3 Qb2 25. h4 Rc1 26. Rxc1 Qxc1+
27. Kh2 Qc5 28. Qxb7 Nxf2 29. Qb1 Ng4+ 30. Kh3 Nf2+ 31. Kh2 Ng4+ 32. Kh3 h6 33.
Qe1 e5 34. Rc3 Qd4 35. a5 e4 36. Rc7 Nf2+ 37. Kh2 Nd3 38. Qc3 Qxc3 39. Rxc3 Re8
40. Kg1 Rb8 41. Bf1 Rb1 42. Ra3 e3 43. Ra2 Nc1 0-1

[Event "XVI Festival A"]
[Site "Robecchetto con Induno ITA"]
[Date "2005.12.30"]
[Round "6"]
[White "Tramalloni, Luca"]
[Black "Cervini, Gian Piero"]
[Result "1-0"]
[WhiteElo "2136"]
[BlackElo "2028"]
[PlyCount "43"]
[EventDate "2005.12.27"]

1. d4 Nf6 2. c4 g6 3. Nc3 d6 4. e4 Bg7 5. Be2 O-O 6. Bg5 c5 7. d5 Na6 8. f4 Qa5
9. Qd2 e6 10. Nf3 exd5 11. cxd5 Re8 12. O-O Bg4 13. e5 Nxd5 14. Qxd5 dxe5 15.
fxe5 Nb4 16. Qe4 f5 17. Qc4+ Kh8 18. Bf6 Nc2 19. Ng5 Bxf6 20. exf6 Qc7 21. Nb5
Rxe2 22. Nxc7 1-0